000 00341 a2200109 4500
001 ART_2166
005 20260410161723.0
008 260409a
245 1 0 _aNo tengo problemas con los problemas
100 1 _aTorcida, Miguel A.
773 0 _tAdministración de empresas
_g- Año XIX, Nº 221/222 (ago./sep. 1988)
_wREV2036
999 _c17139
_d17139